Las reformas militares de España / (Record no. 151292)
[ view plain ]
| 000 -LEADER | |
|---|---|
| campo de control de longitud fija | 00795nam a2200193 i 4500 |
| 001 - NÚMERO DE CONTROL | |
| campo de control | 151292 |
| 003 - IDENTIFICADOR DE NÚMERO DE CONTROL | |
| campo de control | ES-MaACL |
| 005 - FECHA Y HORA DE LA ÚLTIMA TRANSACCIÓN | |
| campo de control | 20230906203934.0 |
| 008 - DATOS DE LONGITUD FIJA--INFORMACIÓN GENERAL | |
| campo de control de longitud fija | 931025s1887 be |||| | spa d |
| 100 0# - ENTRADA PRINCIPAL--NOMBRE DE PERSONA | |
| Nombre de persona | A. K. T. |
| 9 (RLIN) | 17877 |
| 245 14 - MENCIÓN DEL TÍTULO | |
| Título | Las reformas militares de España / |
| Mención de responsabilidad, etc. | por A.K.T., Teniente Coronel del Ejercito Belga. |
| 260 ## - PUBLICACIÓN, DISTRIBUCIÓN, ETC. | |
| Lugar de publicación, distribución, etc. | Amberes : |
| Nombre del editor, distribuidor, etc. | [s.n.], |
| Fecha de publicación, distribución, etc. | 1887 ( |
| Fabricante | Imp. y estereotipia de G.W. vn' Broock) |
| 300 ## - DESCRIPCIÓN FÍSICA | |
| Extensión | 33 p. ; |
| Dimensiones | 22 cm. |
| 530 ## - NOTA DISPONIBLE DE FORMULARIO FÍSICO ADICIONAL | |
| Nota de formato físico adicional disponible | Disponible en formato digital. |
| 650 04 - PUNTO DE ACCESO ADICIONAL DE MATERIA--TÉRMINO DE MATERIA | |
| Término de materia o nombre geográfico como elemento de entrada | Ejército- |
| Subdivisión geográfica | España. |
| 9 (RLIN) | 12134 |
| 852 ## - LOCALIZACIÓN | |
| Ubicación | ES-MaACL |
| Número de control de estantería | T-464-F-11 |
| Nota libre | -- Enc. hol. |
| condición física | -- Falto de la cub. original |
| Nota libre | -- Enc. en un vol. facticio |
| 852 ## - LOCALIZACIÓN | |
| Ubicación | ES-MaACL |
| Número de control de estantería | Fol-Laf-312 |
| 856 ## - LOCALIZACIÓN Y ACCESO ELECTRÓNICOS | |
| Identificador Uniforme de Recursos | <a href="https://bvpb.mcu.es/es/consulta/registro.do?id=577736 ">https://bvpb.mcu.es/es/consulta/registro.do?id=577736 </a> |
| Nota pública | Biblioteca Virtual del Patrimonio Bibliográfico |
| Estatus retirado | Estado de pérdida | Estado de daño | No para préstamo | Colección | Biblioteca de origen | Biblioteca actual | Ubicación en estantería | Fecha de adquisición | Fuente de adquisición | Total de préstamos | Signatura topográfica completa | Código de barras | Visto por última vez | Precio de reemplazo | Tipo de ítem Koha |
|---|---|---|---|---|---|---|---|---|---|---|---|---|---|---|---|
| Colección de folletos | Biblioteca del Ateneo de Madrid | Biblioteca del Ateneo de Madrid | Depósito folletos | 02/02/2011 | Fol-Laf-312 | 1185578 | 23/02/2023 | 23/02/2023 | Folleto | ||||||
| Colección de folletos | Biblioteca del Ateneo de Madrid | Biblioteca del Ateneo de Madrid | Depósito folletos | 12/01/2010 | T-464-F-11 | 1182315 | 23/02/2023 | 23/02/2023 | Folleto |
